भारत वर्ष मे विवाह एवं परिवार (Record no. 377171)

MARC details
000 -LEADER
fixed length control field 01006nam a2200253Ia 4500
003 - CONTROL NUMBER IDENTIFIER
control field OSt
005 - DATE AND TIME OF LATEST TRANSACTION
control field 20220923225255.0
008 - FIXED-LENGTH DATA ELEMENTS--GENERAL INFORMATION
fixed length control field 220922b |||||||| |||| 00| 0 hin d
037 ## - SOURCE OF ACQUISITION
Terms of availability Textual
040 ## - CATALOGING SOURCE
Original cataloging agency ARTS
Transcribing agency ARTS
Language of cataloging hin
041 ## - LANGUAGE CODE
Source of code hin
Language code of text/sound track or separate title hin
100 ## - MAIN ENTRY--PERSONAL NAME
Personal name कापड़िया, के एम; रावत, हरिकृष्ण, अनु.
9 (RLIN) 168567
245 #0 - TITLE STATEMENT
Title भारत वर्ष मे विवाह एवं परिवार
246 ## - VARYING FORM OF TITLE
Title proper/short title Bhārat varṣha me vivāh evan parivāra
260 ## - PUBLICATION, DISTRIBUTION, ETC.
Place of publication, distribution, etc. दिल्ली
Name of publisher, distributor, etc. मोतीलाल बनारसीदास प्रकाशन
Date of publication, distribution, etc. 1958
300 ## - PHYSICAL DESCRIPTION
Extent 309पृ.
Dimensions cm.
650 ## - SUBJECT ADDED ENTRY--TOPICAL TERM
Topical term or geographic name entry element भारतीय-लोक साहित्य
942 ## - ADDED ENTRY ELEMENTS (KOHA)
Classification part Y744:321, 152J8
Koha item type Textual
Source of classification or shelving scheme Colon Classification (CC)
Holdings
Withdrawn status Lost status Damaged status Not for loan Home library Current library Date acquired Total Checkouts Full call number Barcode Date last seen Price effective from Koha item type
        Arts Library Arts Library 2022-09-23   Y744:321 152J8 ALE015217 2022-09-23 2022-09-23 Textual
Copyright @ Delhi University Library System